Objektivnyje modeli i subjektivnyje rešenija

Guardado en:
Detalles Bibliográficos
Autor principal: Laričev, Oleg Ivanovič (Autor)
Formato: Libro
Lenguaje:ruso
Publicado: Moskva : Nauka, 1987
Etiquetas: Agregar Etiqueta
Sin Etiquetas, Sea el primero en etiquetar este registro!

MARC

LEADER 00000nam a22000003a 4500
001 stu29893
005 20150617225734.8
008 951023s1987----xxr-----------------rus-d
040 |a STU  |b slo 
041 0 |a rus 
044 |a xxr 
080 |a 519.81 
100 1 |a Laričev, Oleg Ivanovič  |4 aut 
245 1 |a Objektivnyje modeli i subjektivnyje rešenija 
260 |a Moskva :  |b Nauka,  |c 1987 
300 |a 142 s 
996 |c V*34751/O-14329  |l VV7  |s P  |a 0  |w stu29893_0002